000 00676nam a2200229 i 4500
001 133812
003 ES-MaACL
005 20230906194533.0
007 t|
008 070830s1964 fr ||||1| fre d
080 _a612.6.06
245 0 4 _aLes libertins au XVIIe siècle /
_c[textes choisis et présentés par] Antoine Adam.
260 _aParis :
_bBuchet-Chastel,
_c[1964]
300 _a323 p. ;
_c19 cm.
490 1 _aLe vrai savoir
500 _aBiblioteca Jacinto Martínez Lacalle.
650 1 4 _aLibertinos.
_914420
700 1 _aAdam, Antoine.
_918352
830 0 _aLe vrai savoir
_9219789
852 _aES-MaACL
_jE-12074
_bR.139990
999 _c133812
_d133812